1194 1364 1842 1763 1253 1085 1805 1006 1722 1157 1189 1560 1585 1195 1163 1755 1946 1748 1142 1138 1805 1160 1343 1843 1030 1909 1526 1465 1507 1156 1186 1029 1030 1920 1288 1569 1281 1703 1896 1690 1545 1145 1066 1182 1269 1244 1250 1587 1051 1453 1564 1432 1752 1471 1680 1572 1759 1296 1327 1399 1817 1051 1918 1347 1145 1308 1823 1555 1875 1221 1186 1780 1511 1771 1555 1435 1814 1439 1125 1700 1587 1981 1748 1985 1561 1177 2000 1693 1034 1348 1634 1961 1269 1179 1186 1665 1887 1182 1181 BCNSPRNW ULIB Ver.6.0+V

เปลี่ยนเป็นภาษาไทย

Change to English
 แสดงรายละเอียดบรรณานุกรม
  กลับหน้าหลัก

Brief Record : Get Marc (ISO 2709) : E-mail record : QR code < ปิดหน้าต่าง
LEADER : 00000nam 2200000uu 4500
001    13399128596
003     ULIB
008    230912s2565||||th 000 0 tha d
020  & ^a9786165907200
060  & ^aWF145^bส746ก
100 0  ^aสุมิตรา ประเทพ.
245 10 ^aการจัดการทางเดินหายใจแบบฉุกเฉิน =^bEmergency airway management /^cสุมิตรา ประเทพ.
246 11 ^aEmergency airway management
250  & ^aพิมพ์ครั้งที่ 1.
260  & ^aสงขลา:^bหน่วยผลิตตำรา คณะแพทยศาสตร์ มหาวิทยาลัยสงขลานครินทร์,^c2565
300  & ^a9149 หน้า :^bภาพประกอบ (ภาพสีบางภาพ)
505 0  ^aบทที่ 1 กายวิภาคของทางเดินหายใจ = Anatkomy of the airway -- บทที่ 2 การประเมินทางเดินหายใจ นิยาม การพยากรณ์และการจัดการทางเดินหายใจยาก = Airway assessment, definition, prediction and algorithms for management of the difficult airway -- บทที่ 3 การช่วยหายใจทางหน้ากากออกซิเจน = Facemask ventitation -- บทที่ 4 หน้ากากครอบกล่องเสียง = Laryngeal mask airways -- บทที่ 5 การใส่ท่อหายใจ = Laryngoscopic tracheal intuation -- บทที่ 6 การส่องกล้องวิดีโอดูกล่องเสียง = Video-assisted laryngoscopy -- บทที่ 7 การทำศัลยกรรมทำรูเปิดหรือการเจาะคอแบบฉุกเฉิน = Anterior neck assess, front of neck assess -- บทที่ 8 ยาระงับความรู้สึกชนิดฉีดเข้าหลอดเลือดดำ = Intravenous anesthetics -- บทที่ 9 ยาหย่อนกล้ามเนื้อ = Neuromuscular blocking agents -- บทที่ 10 บทบาทของอัลตราซาวด์ในการจัดการทางเดินหายใจ = Ultrasonography in airway management -- บทที่ 11 การใส่ท่อหายใจโดยการใช้กล้องส่องที่ยืดหยุ่นได้ = Flexible scope intubation.
650 4  ^aการจัดการทางเดินหายใจ^xวิธีการ.
650 4  ^aโรคทางเดินอากาศหายใจ^xการรักษา.
710 2  ^aมหาวิทยาลัยสงขลานครินทร์.^bหน่วยผลิตตำราคณะแพทยศาสตร์.
945    ^p380^l0^i29816
945    ^p380^l0^i29817
945    ^p380^l0^i29818
999    ^aกัณชพร จุลอักษร
รายการนี้ยังไม่มีแท็ก
คุณยังไม่ได้ล็อกอิน คุณสามารถมีกิจกรรมร่วมกับเว็บไซต์ได้ แต่ต้องล็อกอินก่อน ::
  ล็อกอิน

รายการสื่อสารสนเทศ

ลำดับที่ ประเภท เลขเรียก/บาร์โค้ด สถานที่ สถานะ
1. หนังสือสำรอง
หนังสือสำรอง
WF145 ส746ก ฉ.1 
  Barcode: 29816
ห้องสมุดวิทยาเขตนครสวรรค์
►หนังสือทั่วไป:l:General Books
บนชั้น
2. วิทยาศาสตร์การแพทย์ และสุขภาพ
วิทยาศาสตร์การแพทย์ และสุขภาพ
WF145 ส746ก ฉ.2 
  Barcode: 29817
ห้องสมุดวิทยาเขตนครสวรรค์
►หนังสือทั่วไป:l:General Books
บนชั้น
3. วิทยาศาสตร์การแพทย์ และสุขภาพ
วิทยาศาสตร์การแพทย์ และสุขภาพ
WF145 ส746ก ฉ.3 
  Barcode: 29818
ห้องสมุดวิทยาเขตนครสวรรค์
►หนังสือทั่วไป:l:General Books
บนชั้น

รายการใกล้เคียง
    ชื่อเรื่อง [การจัดการทางเดินหายใจแบบฉุกเฉิน = Emergency airway management / สุมิตรา ประเทพ.]

    ผู้แต่ง [สุมิตรา ประเทพ.]

    หัวเรื่อง [การจัดการทางเดินหายใจ วิธีการ.]
    หัวเรื่อง [โรคทางเดินอากาศหายใจ การรักษา.]

BibComment


ยังไม่เคยถูกคอมเมนท์

คอมเมนท์ทรัพยากรรายการนี้
  คอมเมนท์: การจัดการทางเดิน..


 Copyright 2026. Bcnsprnw @Library